Introductiory finite mathematics with computing
保存先:
| 第一著者: | |
|---|---|
| その他の著者: | |
| フォーマット: | 図書 |
| 言語: | 英語 |
| 出版事項: |
Nueva York
John Wiley and Sons
1976
|
| 主題: | |
| タグ: |
タグ追加
タグなし, このレコードへの初めてのタグを付けませんか!
|
MARC
| LEADER | 00000nam a2200000 a 4500 | ||
|---|---|---|---|
| 001 | UCP1370 | ||
| 003 | CL-VaPUC | ||
| 008 | 990409e19760000US |||||||||||||||||eng|d | ||
| 082 | 0 | 4 | |a 510 |b DOR |2 21 |
| 100 | |a Dorn, William S |e author |9 357812 | ||
| 700 | |a McCracken, Daniel D. |e autor |9 479409 | ||
| 245 | 1 | 0 | |a Introductiory finite mathematics with computing |
| 300 | |a 449 p | ||
| 942 | |c BK | ||
| 945 | |d 19990409 00:00:00 |a crobeson | ||
| 260 | |a Nueva York |b John Wiley and Sons |c 1976 | ||
| 650 | 0 | |a Matemáticas finitas |9 269996 | |
| 650 | 0 | |a Programación lineal |9 23 | |
| 650 | 0 | |a Ecuaciones diferenciales |9 260083 | |
| 650 | 0 | |a Programación de computadoras |9 351107 | |
| 583 | |a last modification |c 19990409 00:00:00 |k Rodrigo Vera | ||
| 999 | |c 280052 |d 280050 | ||
| 952 | |0 0 |1 0 |4 0 |6 510_000000000000000_DOR_1976 |7 0 |8 A |9 320041 |a BIBMAT |b BIBMAT |d 2019-11-20 |i 1340085 |o 510 DOR 1976 |p 1340085 |r 2025-01-07 |w 2019-11-20 |y BK |k MAT | ||